| 000 | 00878nam a22002532 4500 | ||
|---|---|---|---|
| 001 | 0000004270 | ||
| 005 | 20151021152553.0 | ||
| 008 | 070522s xx 000 0 eng d | ||
| 020 |
_a0070620199 : _cKES 1,150 |
||
| 040 |
_aKABU _cKABU |
||
| 050 | 0 |
_aHD30.4 _b.C66 2006 |
|
| 100 | 1 |
_aCooper, Donald R. _@0000150652 |
|
| 245 | 1 | 0 |
_aBusiness research methods / _cDonald R. Cooper, Pamela S. Schindler. |
| 250 | _a9th ed. | ||
| 260 |
_aNew Delhi : _bTata McGraw-Hill, _c2006. |
||
| 300 | _axxiii, 757 p. | ||
| 650 | 0 |
_aIndustrial management _xResearch. _@0000150654 |
|
| 650 | 0 |
_aBusiness. _xResearch _xMethodology. _@0000150653 |
|
| 700 | 1 |
_aSchindler, P. S. _@0000150655 |
|
| 852 | 1 | _9p1620 KES | |
| 852 | 1 | _9p1620 KES | |
| 908 | _a070522 | ||
| 950 | _@1 | ||
| 999 |
_c1505 _d1505 |
||